Bài tập cơ bản và nâng cao theo chuyên đề toán trung học phổ thông

Tóm tắt lí thuyết, các dạng bài tập cơ bản, các dạng bài tập nâng cao và bài tập tự ôn luyện có hướng dẫn cách giải về hoán vị-chỉnh hợp-tổ hợp, về các bài toán về phép đếm, về nhị thức Newton, về xác suất,.......

תיאור מלא

שמור ב:
מידע ביבליוגרפי
מחבר ראשי: Phan, Huy Khải
פורמט: ספר
שפה:Undetermined
יצא לאור: Hà Nội Giáo dục Việt Nam 2011
נושאים:
תגים: הוספת תג
אין תגיות, היה/י הראשונ/ה לתייג את הרשומה!
Thư viện lưu trữ: Trung tâm Học liệu Trường Đại học Cần Thơ
LEADER 01022nam a2200217Ia 4500
001 CTU_183908
008 210402s9999 xx 000 0 und d
020 |c 25000 
082 |a 510.076 
082 |b Kh103/T.1 
100 |a Phan, Huy Khải 
245 0 |a Bài tập cơ bản và nâng cao theo chuyên đề toán trung học phổ thông 
245 0 |c Phan Huy Khải 
260 |a Hà Nội 
260 |b Giáo dục Việt Nam 
260 |c 2011 
520 |a Tóm tắt lí thuyết, các dạng bài tập cơ bản, các dạng bài tập nâng cao và bài tập tự ôn luyện có hướng dẫn cách giải về hoán vị-chỉnh hợp-tổ hợp, về các bài toán về phép đếm, về nhị thức Newton, về xác suất,.... 
650 |a Mathematics,Toán học 
650 |x Problems,exercises,etc.,Ví dụ và bài tập 
904 |i Hải 
980 |a Trung tâm Học liệu Trường Đại học Cần Thơ